Detalles MARC
| 000 -CABECERA |
| campo de control de longitud fija |
01159nam a2200265 a 4500 |
| 001 - NÚMERO DE CONTROL |
| campo de control |
000042217 |
| 005 - FECHA Y HORA DE LA ÚLTIMA TRANSACCIÓN |
| campo de control |
20201002040020.0 |
| 008 - DATOS DE LONGITUD FIJA--INFORMACIÓN GENERAL |
| campo de control de longitud fija |
131119s2013 pr 000 0 spa d |
| 020 ## - NÚMERO INTERNACIONAL ESTÁNDAR DEL LIBRO |
| Número Internacional Estándar del Libro |
9789945581119 |
| 040 ## - FUENTE DE LA CATALOGACIÓN |
| Centro catalogador/agencia de origen |
DO-SdBNP |
| Lengua de catalogación |
spa |
| Centro/agencia transcriptor |
BNPHU |
| 082 ## - NÚMERO DE LA CLASIFICACIÓN DECIMAL DEWEY |
| Número de clasificación |
261.8 |
| Número de documento/Ítem |
S612f |
| 111 2# - ENTRADA PRINCIPAL--NOMBRE DE CONGRESO/REUNIÓN |
| Nombre de congreso/reunión o jurisdicción como elemento de entrada |
Simposio Gamaliel Ortiz : una fe que busca entendimiento |
| Número del congreso/reunión o número de parte o sección |
(3er : |
| Fecha del congreso/reunión |
2013 |
| Sede del congreso/Lugar de la reunión |
Bayamón, P.R.) |
| 9 (RLIN) |
69240 |
| 245 10 - MENCIÓN DE TÍTULO |
| Título |
La fe que dialoga : |
| Resto del título |
encuentro interreligioso ; una fe que busca entendimiento / |
| Mención de responsabilidad, etc. |
editor Ángel Rosa Vélez ; prólogo Ángel L. Rivera Agosto. |
| 260 ## - PUBLICACIÓN, DISTRIBUCIÓN, ETC. |
| Lugar de publicación, distribución, etc. |
San Juan, Puerto Rico : |
| -- |
Santo Domingo : |
| Nombre del editor, distribuidor, etc. |
Isla Negra, |
| Fecha de publicación, distribución, etc. |
2013. |
| 300 ## - DESCRIPCIÓN FÍSICA |
| Extensión |
184 p. ; |
| Dimensiones |
22 cm. |
| 490 1# - MENCIÓN DE SERIE |
| Mención de serie |
Visiones y cegueras |
| 500 ## - NOTA GENERAL |
| Nota general |
Incluye referencias bibliográficas y notas al pie de las páginas. |
| 500 ## - NOTA GENERAL |
| Nota general |
Incluye datos biográficos del autor en la solapa de la cubierta. |
| 590 ## - NOTA LOCAL (RLIN) |
| Nota local |
Inventariado, 2018/ YL |
| 650 #4 - PUNTO DE ACCESO ADICIONAL DE MATERIA--TÉRMINO DE MATERIA |
| Término de materia o nombre geográfico como elemento de entrada |
Cristianismo |
| Subdivisión geográfica |
Puerto Rico |
| Subdivisión general |
Congresos, conferencias, etc. |
| 9 (RLIN) |
69241 |
| 700 12 - PUNTO DE ACCESO ADICIONAL--NOMBRE DE PERSONA |
| Nombre de persona |
Rosa Vélez, Ángel |
| Fechas asociadas al nombre |
1950- |
| Término indicativo de función/relación |
edt. |
| 9 (RLIN) |
1184 |
| 700 12 - PUNTO DE ACCESO ADICIONAL--NOMBRE DE PERSONA |
| Nombre de persona |
Rivera Agosto, Ángel L. |
| Término indicativo de función/relación |
pról. |
| 9 (RLIN) |
69242 |
| 830 #0 - PUNTO DE ACCESO ADICIONAL DE SERIE-TÍTULO UNIFORME |
| Título uniforme |
Visiones y cegueras |
| 9 (RLIN) |
1120 |
| 910 ## - DATOS DE OPCIÓN DEL USUARIO (OCLC) |
| Datos de opción del usuario |
Validado. Control de calidad MFF |